Statistiques concernant Top 10 des marques de voitures les plus fiables

Cliquez ici pour prendre le quiz!

Statistiques générales

  • Ce quiz a été pris 697 fois
  • Le résultat moyen est 4 sur 10

Statistiques - réponses

HintRéponse% Correct
#3Audi
82%
#2Toyota
82%
#8Honda
60%
#6Kia
51%
#9Hyundai
49%
#4Mazda
33%
#1Lexus
32%
#10Mini
26%
#5Subaru
25%
#7Buick
6%

Distribution des résultats

Percentile par nombre de réponses

% des personnes avec chaque résultat

Votre développement - résultats

Vous n’avez pas pris ce quiz